Torschützenkönige in der Geschichte von Olympique Marseille - Statistiken

Allgemein
  • Dieses Quiz wurde 7 mal gespielt
  • Das Durchschnittsergebnis liegt bei 2 aus 10
Antwortstatistiken
Tore Nationalität Spieler % Korrekt
182 Frankreich Jean-Pierre Papin
57%
86 Frankreich Florian Thauvin
43%
78 Frankreich Dimitri Payet
29%
60 Frankreich / Ghana André Ayew
14%
77 Frankreich André-Pierre Gignac
14%
194 Schweden / Frankreich Gunnar Andersson
14%
185 Kroatien Josip Skoblar
14%
100 Senegal Mamadou Niang
14%
70 England / Irland Tony Cascarino
14%
88 Kamerun Joseph Yegba Maya
0%
Keine übereinstimmenden Quizze gefunden
Verteilung der Resultate
Anzahl Personen mit jedem Resultat
Perzentil nach korrekt beantworteten Fragen
Ihre Resultats-Entwicklung
Sie haben dieses Quiz noch nicht gespielt